Growing up divorced /

Bibliographic Details
Main Author: Francke, Linda Bird
Format: Book
Language:English
Published: New York : Linden Press/Simon & Schuster, 1983.
Subjects:

MARC

Tag First Indicator Second Indicator Subfields
LEADER 00000pam a2200000 a 4500
001 in00000333821
005 20151011053607.0
008 830407s1983 nyu b 00010 eng
010 |a  83009336  
020 |a 0671255169 
035 |a (OCoLC)09441381 
035 |9 ABL7716AM 
039 0 |a 2  |b 3  |c 3  |d 3  |e 3 
040 |a DLC  |c DLC  |d TXA  |d UtOrBLW 
043 |a n-us--- 
049 |a TXAM  |c 1 [775695], 2 [A07283177] 
050 0 0 |a HQ777.5  |b F72 1983 
082 0 |a 306.8/9  |2 19 
100 1 |a Francke, Linda Bird. 
245 1 0 |a Growing up divorced /  |c Linda Bird Francke. 
264 1 |a New York :  |b Linden Press/Simon & Schuster,  |c 1983. 
300 |a 303 pages ;  |c 25 cm. 
336 |a text  |b txt  |2 rdacontent 
337 |a unmediated  |b n  |2 rdamedia 
338 |a volume  |b nc  |2 rdacarrier 
504 |a Includes bibliographical references. 
505 0 |a Growing up divorced -- The parental rhythms of divorce -- Through children's eyes: what divorce means -- Babies and toddlers: the age of helplessness -- Preschoolers: the age of guilt -- Six to eight: the age of sadness -- Nine to twelve: the age of anger -- Teenagers: the age of false maturity -- Steplives: pitfalls and failed expectations -- Divorce and the schools: the second family -- Custody and the courts: God on the bench -- Children of the eighties. 
650 0 |a Children of divorced parents  |z United States. 
999 |a MARS 
999 f f |s 038db6d3-a1a1-3e4d-97c0-1b70fdcebe35  |i 8d21bb81-80af-3acc-947c-704592040f6f  |t 0 
952 f f |p ric  |a Texas A&M University  |b Rellis Campus  |c Joint Library Facility  |s JLF  |d Remote Storage  |t 0  |e HQ777.5 F72 1983  |h Library of Congress classification  |i unmediated -- volume  |m A14841690780 
998 f f |a HQ777.5 F72 1983  |t 0  |l Remote Storage